000 00430nam a2200205Ia 4500
003 IT-RoPAU
008 120407s9999 xx 000 0 und d
040 _aIT-RoPAU
040 _cIT-RoPAU
041 _aita
100 _aAntonio Augenti
245 _aProblemi di economia dell’educazione.
250 _aFirenze
260 _aLe Monnier
260 _c1973
300 _c cm
490 _v1
942 _cBK
999 _c349
_d349